logo

Bir Sreshtho Munshi Abdur Rouf Library
Jhenaidah Cadet College

রকমারি রসনা বিলাস / (Record no. 10741)

MARC details
000 -LEADER
fixed length control field 00756nam a22002297a 4500
001 - CONTROL NUMBER
JCCL Control Number 10741
003 - CONTROL NUMBER IDENTIFIER
JCCL marc code BD-JhCC
005 - DATE AND TIME OF LATEST TRANSACTION
control field 20190314134007.0
008 - FIXED-LENGTH DATA ELEMENTS--GENERAL INFORMATION
fixed length control field 180816s2014 bg |||| |||| 000 0 ben d
020 ## - INTERNATIONAL STANDARD BOOK NUMBER
International Standard Book Number 9847030100215
035 ## - SYSTEM CONTROL NUMBER
system control number (BD-JhCC)10741
040 ## - CATALOGING SOURCE
Original cataloging agency BD-JhCC
Modifying agency BD-JhCC
041 ## - LANGUAGE CODE
Language code of Book ben
082 ## - DEWEY DECIMAL CLASSIFICATION NUMBER
Classification number 641.5
Author mark and Year BIS 2014
100 ## - MAIN ENTRY--PERSONAL NAME
Personal name বিশ্বাস, ইরানী
245 ## - TITLE STATEMENT
Title রকমারি রসনা বিলাস /
Statement of responsibility, etc ইরানী বিশ্বাস,
260 ## - PUBLICATION, DISTRIBUTION, ETC. (IMPRINT)
Place of publication, distribution, etc ঢাকা :
Name of publisher, distributor, etc ঐশী পাবলিকেশন্স,
Date of publication, distribution, etc ২০১৪.
300 ## - PHYSICAL DESCRIPTION
Pagination ১৬৮ পৃ. :
Other physical details চিত্রাবলী সংযোজীত,
Dimensions ২১ সেমি
650 ## - SUBJECT ADDED ENTRY--TOPICAL TERM
Topical term or geographic name as entry element Cooking
650 ## - SUBJECT ADDED ENTRY--TOPICAL TERM
Topical term or geographic name as entry element Food
942 ## - ADDED ENTRY ELEMENTS (KOHA)
Source of classification or shelving scheme Dewey Decimal Classification
Koha item type Books
Koha issues (borrowed), all copies 1
Holdings
Source of classification or shelving scheme Damaged status Not for loan Home library Current library Shelving location Date of accession Cost, normal purchase price Total Checkouts Full call number Barcode Date last seen Date checked out Copy number Koha item type
Dewey Decimal Classification     JCC Rouf Library JCC Rouf Library General Stacks 08/16/2018 400.00 1 641.5 BIS 2014 14548 07/20/2023 06/11/2023 C-1 Books
Dewey Decimal Classification     JCC Rouf Library JCC Rouf Library General Stacks 08/16/2018 400.00 1 641.5 BIS 2014 14551 06/24/2019 03/14/2019 C-2 Books

JCC Library | Contacts | JCC Home

Last Update on 23 September 2017
Copyright @ 2017-2020 JCC Rouf Library
Rouf Library, Jhenidah Cadet College (JCC), Bangladesh